The Building Act 1984, Building Regulations 2010 (Record no. 111105)
[ view plain ]
| 000 -LEADER | |
|---|---|
| fixed length control field | 01594cad a22002175a 4500 |
| 001 - CONTROL NUMBER | |
| control field | L151038 |
| 008 - FIXED-LENGTH DATA ELEMENTS--GENERAL INFORMATION | |
| fixed length control field | 100927s2010 xxk f 000 0 eng d |
| 020 ## - INTERNATIONAL STANDARD BOOK NUMBER | |
| International Standard Book Number | 9780117541030 |
| 035 ## - SYSTEM CONTROL NUMBER | |
| System control number | (Sirsi) u151038 |
| 041 0# - LANGUAGE CODE | |
| Language code of text/sound track or separate title | eng |
| 050 04 - LIBRARY OF CONGRESS CALL NUMBER | |
| Classification number | 306 $2 18 |
| 110 2# - MAIN ENTRY--CORPORATE NAME | |
| Corporate name or jurisdiction name as entry element | Department for Communities and Local Government |
| 9 (RLIN) | 5880 |
| 245 04 - TITLE STATEMENT | |
| Title | The Building Act 1984, Building Regulations 2010 |
| Remainder of title | new and extended competent person self-certification schemes, consolidated Building Regulations and Building (Approved Inspectors etc) Regulations, circular 07/2010 |
| Medium | [electronic resource] |
| 260 ## - PUBLICATION, DISTRIBUTION, ETC. | |
| Place of publication, distribution, etc. | London |
| Name of publisher, distributor, etc. | DCLG |
| Date of publication, distribution, etc. | 2010 |
| 520 ## - SUMMARY, ETC. | |
| Summary, etc. | The new consolidated Building Regulations come into force on 1 October 2010; this circular sets out and explains the two sets of regulations (SI 2010/2214) and (SI 2010/2215) which consolidate the Building Regulations 2000 (SI 2000/2531) and subsequent amendments to those Regulations, and the Building (Approved Inspectors etc) Regulations 2000 (SI 2000/2532) and subsequent amendments to those Regulations; explains the transitional provisions; confirms the continued approval of the Approved Documents and approved methodologies, circumstances, procedures and manners of recording under specific regulations in the Building Regulations; and announces further provisions for self-certification. |
| 590 ## - LOCAL NOTE (RLIN) | |
| Local note | KA NTK |
| 651 #4 - SUBJECT ADDED ENTRY--GEOGRAPHIC NAME | |
| Geographic name | England and Wales |
| Chronological subdivision | 1543- |
| 690 ## - LOCAL SUBJECT ADDED ENTRY--TOPICAL TERM (OCLC, RLIN) | |
| Topical term or geographic name as entry element | Building regulations |
| 9 (RLIN) | 6224 |
| 856 48 - ELECTRONIC LOCATION AND ACCESS | |
| Uniform Resource Identifier | <a href="https://www.communities.gov.uk/documents/planningandbuilding/pdf/circular072010.pdf">https://www.communities.gov.uk/documents/planningandbuilding/pdf/circular072010.pdf</a> |
| Public note | View the website free of charge at www.communities.gov.uk |
| 942 ## - ADDED ENTRY ELEMENTS (KOHA) | |
| Suppress in OPAC | 0 |
| Withdrawn status | Lost status | Source of classification or shelving scheme | Damaged status | Not for loan | Home library | Current library | Shelving location | Date acquired | Total Checkouts | Full call number | Barcode | Date last seen | Copy number | Price effective from | Koha item type |
|---|---|---|---|---|---|---|---|---|---|---|---|---|---|---|---|
| Dewey Decimal Classification | Virtual | Virtual | Online | 27/09/2010 | ONLINE PUBLICATION | 151038-1001 | 06/08/2019 | 1 | 06/08/2019 | Book |